000 01237cab a2200241 4500
001 ABS47623
008 090401t1992 xxu||||| |||| 00| 0 eng d
035 _a(Sirsi) u62687
041 _aeng
245 _aWilliams Trustees and others v Liverpool CC
260 _c1992
350 _a0
490 _aRating & Valuation Reporter
_v(1992) 32 RVR 221-228(8)
520 _aLT 22 July 1992. L compulsorily purchased the W`s freehold interests in eight terraced houses in Liverpool, tenanted and located in various housing action areas. Properties A and B were valued by W at £8,000, C at £7,000, D at £5,000, E at £6,000, F G and H at £6,000 each. L valued them at £5,500 for A and B, £4,000 for C, £2,915.25 for D, £3,694 for E, £3,500 each for F G and H. It was "held" that compensation payable by L to C must be £7,000 for A and B, £4,250 for D, £4,750 for E and £15,000 for F G and H together.
650 _aCOMPENSATION
650 _aCompulsory purchase
_96228
650 _aFREEHOLD INTERESTS
650 _aHOUSING ACTION AREAS
650 _aTERRACED HOUSING
690 _aENVIRONMENTAL AND LAND CONSULTANCY-PLANNING AND DEVELOPMENT-COMPULSORY PURCHASE AND COMPENSATION
942 _n0
948 _c04/03/1997
999 _c38922
_d38922